|
|
|
|
| LEADER |
00000nam#a2200000#a#4500 |
| 001 |
002409 |
| 003 |
AR-BeUNQ |
| 005 |
20190328102406.0 |
| 008 |
960612s1985####mx##################spa#d |
| 999 |
|
|
|c 5206
|d 80593
|
| 020 |
|
|
|a 9688920452
|
| 040 |
|
|
|a AR-BeUNQ
|
| 099 |
|
|
|a 05-I21
|
| 110 |
2 |
|
|a Instituto Nacional de Estadística, Geografía e Informática (México)
|
| 245 |
0 |
0 |
|a Comparaciones internacionales : México en el mundo
|c Instituto Nacional de Estadística, Geografía e Informática (México).
|
| 260 |
|
|
|a México D.F :
|b Instituto Nacional de Estadística Geografía e Informática,
|c 1985
|
| 300 |
|
|
|a 358 p. :
|b cuadros
|
| 650 |
|
7 |
|a Estadísticas socioeconómicas
|2 Spines
|
| 650 |
|
7 |
|a Demografía
|2 Spines
|
| 650 |
|
7 |
|a Educación
|2 Spines
|
| 650 |
|
7 |
|a Empleo
|2 Spines
|
| 650 |
|
7 |
|a Consumo de alimentos
|2 Spines
|
| 650 |
|
7 |
|a Indicadores socioeconomicos
|2 Spines
|
| 651 |
|
7 |
|a México
|2 Spines
|
| 929 |
|
|
|a COMPRA
|b Prometeo
|d 4,00E
|e 19981020
|g Exp. 0387/98
|j 16158
|
| 942 |
|
|
|c LIB
|n 0
|